| 000 | 00781nam a2200265Ia 4500 | ||
|---|---|---|---|
| 003 | OSt | ||
| 005 | 20220926014730.0 | ||
| 006 | a|||||r|||| 00| 0 | ||
| 007 | ta | ||
| 008 | 220923b |||||||| |||| 00| 0 eng d | ||
| 037 | _cGeneral Book | ||
| 040 |
_aRTL _cRTL _beng |
||
| 041 |
_2eng _aeng |
||
| 082 | _aX81.73.N6, H6;J5;K1;K9 | ||
| 100 |
_aMowbray Albert H _9321080 |
||
| 245 | 0 |
_aInsurance _b Its theory and practive in the United |
|
| 250 | _a6th | ||
| 260 |
_aNew York _bMcGraw-Hill USA _c1969 |
||
| 300 |
_aviii,661p _ccm. |
||
| 490 | _aMcGraw-Hill insurance series | ||
| 500 | _aBibliography: P 633-46 | ||
| 650 |
_aInsurance _9186169 |
||
| 942 |
_hX81.73.N6, H6;J5;K1;K9 _cGB _2CC |
||
| 999 |
_c629739 _d629739 |
||